Diaspora theory and transnationalism / (Record no. 170472)

MARC details
000 -LEADER
fixed length control field 00580nam a2200181 4500
005 - DATE AND TIME OF LATEST TRANSACTION
control field 20191216155321.0
010 ## - LCCN (DPL NO)
LC control number ENG-127151
020 ## - INTERNATIONAL STANDARD BOOK NUMBER
International Standard Book Number 9789352876143
Terms of availability 220.00
035 ## - SYSTEM CONTROL NUMBER
System control number EN-110683
037 ## - SOURCE OF ACQUISITION
Source of stock number/acquisition DBAD/PUB
082 ## - DEWEY DECIMAL CLASSIFICATION NUMBER
Classification number 306.095
100 ## - MAIN ENTRY--PERSONAL NAME
Personal name Lahiri, Himadri
245 ## - TITLE STATEMENT
Title Diaspora theory and transnationalism /
Statement of responsibility, etc by Himadri Lahiri
260 ## - PUBLICATION, DISTRIBUTION, ETC. (IMPRINT)
Place of publication, distribution, etc Hyderabad
Name of publisher, distributor, etc Orient Blankswan Private
Date of publication, distribution, etc 2019
270 ## - ADDRESS
Address 3-6-752 Himayatnagar, Hyderabad
City Telangana
Postal code 500029
Electronic mail address indo@orientblackswan.com
300 ## - PHYSICAL DESCRIPTION
Extent xiv;172p .
Dimensions 21cm(pbk)
942 ## - ADDED ENTRY ELEMENTS (KOHA)
Source of classification or shelving scheme Dewey Decimal Classification
Item type English Books
Classification part 306.095
Call number suffix LAH
Holdings
Withdrawn status Lost status Not for loan Collection code Home library Current library Date acquired Source of acquisition Cost, normal purchase price Full call number Barcode Copy number Cost, replacement price Koha item type
      Non-fiction D.B.Act.Division Mobile Library 16/12/2019 DBAD/PUB 220.00 306.095 LAH EN-110683 1 220.00 English Books

© Delhi Public Library
Hit Counter
free hit counter